000 01227cam a2200301 i 4500
005 20170424075329.0
008 170323s2016 xxua 001 0 eng d
010 _a2016017266
020 _a9780199916931
035 _a(OCoLC)952226596
040 _aCO-BoUCM
_bspa
_cSandra Palacio
_dSandra Palacio
041 0 _aeng
245 0 4 _aThe Oxford handbook of Carl Schmitt
_ceditado por Jens Meierhenrich y Oliver Simons
246 3 0 _aHandbook of Carl Schmitt
260 _aNueva York (Estados Unidos)
_bOxford University Press
_c2016
300 _axliii, 828 páginas
_bilustraciones
490 0 _a[Oxford handbooks]
504 _aIncluye referencias bibliográficas e índices
600 1 0 _aSchmitt, Carl
_d1888-1985
_973134
650 7 _aCiencia política
_xFilosofía
_ySiglo XX
_9340
650 7 _aCiencia política
_xHistoria
_ySiglo XX
_984832
690 _aCiencia política
_9340
700 1 _aMeierhenrich, Jens
_eeditor
_984833
700 1 _aSimons, Oliver
_eeditor
_984834
776 0 8 _iOnline version:
_tOxford handbook of Carl Schmitt.
_dNew York, NY : Oxford University Press, 2016
_z9780199916948
_w(DLC) 2016029561
942 _2DEWEY
_cLIBRO
_a6
_e1
_h327.01
_mO982cs
999 _c306003
_d306003